Advanced english grammer and composition / (Record no. 155256)
[ view plain ]
| 000 -LEADER | |
|---|---|
| fixed length control field | 00662nam a22002177a 4500 |
| 005 - DATE AND TIME OF LATEST TRANSACTION | |
| control field | 20181217162458.0 |
| 010 ## - LCCN (DPL NO) | |
| LC control number | ENG-123800 |
| 020 ## - INTERNATIONAL STANDARD BOOK NUMBER | |
| International Standard Book Number | 981756420766 |
| Terms of availability | 225.00 |
| 035 ## - SYSTEM CONTROL NUMBER | |
| System control number | EN-107332 |
| 037 ## - SOURCE OF ACQUISITION | |
| Source of stock number/acquisition | DBAD/PUB |
| 082 ## - DEWEY DECIMAL CLASSIFICATION NUMBER | |
| Classification number | 485 |
| 100 ## - MAIN ENTRY--PERSONAL NAME | |
| Personal name | Pandey, Alok Ranjan |
| 245 ## - TITLE STATEMENT | |
| Title | Advanced english grammer and composition / |
| Statement of responsibility, etc | by Alok Ranjan Pandey [and] Deepak Pandey |
| 260 ## - PUBLICATION, DISTRIBUTION, ETC. (IMPRINT) | |
| Place of publication, distribution, etc | Delhi |
| Name of publisher, distributor, etc | Sahni Publications |
| Date of publication, distribution, etc | 2017 |
| 270 ## - ADDRESS | |
| Address | 4777, Dr. Mitra Gali, Roshanara Road, |
| City | Delhi |
| Postal code | 110007 |
| 300 ## - PHYSICAL DESCRIPTION | |
| Extent | 528p. |
| Dimensions | 21cm.(pbk) |
| Other physical details | ill. |
| 500 ## - GENERAL NOTE | |
| General note | a unique reference book |
| 700 ## - ADDED ENTRY--PERSONAL NAME | |
| Personal name | Pandey, Deepak |
| 942 ## - ADDED ENTRY ELEMENTS (KOHA) | |
| Source of classification or shelving scheme | Dewey Decimal Classification |
| Item type | English Books |
| Classification part | 485 |
| Call number suffix | PAN |
| Withdrawn status | Lost status | Not for loan | Collection code | Home library | Current library | Date acquired | Source of acquisition | Cost, normal purchase price | Full call number | Barcode | Copy number | Cost, replacement price | Koha item type |
|---|---|---|---|---|---|---|---|---|---|---|---|---|---|
| Non-fiction | Shahdara Branch | Shahdara Branch | 01/08/2018 | DBAD/PUB | 225.00 | 485 PAN | EN-107332 | 1 | 225.00 | English Books |
